Tutte le nazioni che hanno ospitato i mondiali - Statistics

Statistiche generali
  • Questo quiz è stato fatto 383 volte
  • Il punteggio medio è 20 su 23
Statistiche sulle risposte
ANNO NAZIONE OSPITANTE % Corretto
2006 Germania
97%
1934 Italia
96%
2026 Usa/Canada/Messico
96%
2014 Brasile
95%
1990 Italia
95%
2022 Qatar
95%
2018 Russia
95%
1998 Francia
93%
1930 Uruguay
92%
2010 Sudafrica
91%
1950 Brasile
90%
1982 Spagna
90%
1938 Francia
89%
2002 Giappone/Corea del Sud
89%
1994 Usa
87%
1978 Argentina
86%
1974 Germania
86%
1966 Inghilterra
81%
1970 Messico
80%
1986 Messico
80%
1958 Svezia
67%
1962 Cile
60%
1954 Svizzera
50%
Nessun quiz corrispondente trovato
Distribuzione punteggi
Percentuale di utenti per punteggio
Percentile per numero di risposta
I tuoi punteggi nel tempo
Non hai fatto questo quiz